How i taught my grandmother to read and other stories (Record no. 221338)
[ view plain ]
| 000 -LEADER | |
|---|---|
| fixed length control field | 01588nam a22002177a 4500 |
| 005 - DATE AND TIME OF LATEST TRANSACTION | |
| control field | 20220127155020.0 |
| 008 - FIXED-LENGTH DATA ELEMENTS--GENERAL INFORMATION | |
| fixed length control field | 220125b ||||| |||| 00| 0 eng d |
| 020 ## - INTERNATIONAL STANDARD BOOK NUMBER | |
| International Standard Book Number | 9780143333647 |
| 040 ## - CATALOGING SOURCE | |
| Transcribing agency | AL |
| 041 ## - LANGUAGE CODE | |
| Language code of text/sound track or separate title | eng |
| 082 ## - DEWEY DECIMAL CLASSIFICATION NUMBER | |
| Edition number | 23 |
| Classification number | 820.33 |
| Item number | MURH |
| 100 ## - MAIN ENTRY--PERSONAL NAME | |
| Personal name | Sudha Murty |
| 9 (RLIN) | 14708 |
| 245 ## - TITLE STATEMENT | |
| Title | How i taught my grandmother to read and other stories |
| 260 ## - PUBLICATION, DISTRIBUTION, ETC. | |
| Place of publication, distribution, etc. | USA |
| Name of publisher, distributor, etc. | Puffin Books |
| Date of publication, distribution, etc. | 2015 |
| 300 ## - PHYSICAL DESCRIPTION | |
| Extent | xi,188p. |
| Other physical details | PB |
| Dimensions | 19.7x13cm. |
| 365 ## - TRADE PRICE | |
| Price type code | 4477 |
| Price amount | ₹195.00 |
| Currency code | ₹ |
| Unit of pricing | ₹250 |
| Price note | 22% |
| Price effective from | 18-12-2021 |
| 500 ## - GENERAL NOTE | |
| General note | What do you do when your grandmother asks you to teach her the alphabet? Or the President of India takes you on a train ride with him? Or your teacher gives you more marks than you deserve? These are just some of the questions you will find answered in this delightful collection of stories recounting real life incidents from the life of Sudha Murty teacher, social worker and bestselling writer.<br/>There is the engaging story about one of her students who frequently played truant from school. The account of how her mother's advice to save money came in handy when she wanted to help her husband start a software company and the heart warming tale of the promise she made and fulfilled to her grandfather, to ensure that her little village library would always be well supplied with books. Funny, spirited and inspiring, each of these stories teaches a valuable lesson about the importance of doing what you believe is right and having the courage to realize your dreams. |
| 650 ## - SUBJECT ADDED ENTRY--TOPICAL TERM | |
| Topical term or geographic name entry element | English Literature |
| 9 (RLIN) | 14709 |
| 700 ## - ADDED ENTRY--PERSONAL NAME | |
| Personal name | Kuriyan Priya, ill |
| 9 (RLIN) | 14710 |
| 942 ## - ADDED ENTRY ELEMENTS (KOHA) | |
| Source of classification or shelving scheme | Dewey Decimal Classification |
| Koha item type | Book |
| Withdrawn status | Lost status | Source of classification or shelving scheme | Damaged status | Not for loan | Collection code | Home library | Current library | Date acquired | Source of acquisition | Cost, normal purchase price | Total Checkouts | Total Renewals | Full call number | Barcode | Date due | Date last seen | Date last checked out | Cost, replacement price | Price effective from | Koha item type |
|---|---|---|---|---|---|---|---|---|---|---|---|---|---|---|---|---|---|---|---|---|
| Dewey Decimal Classification | General | St Aloysius PG Library | St Aloysius PG Library | 12/30/2021 | Biblios Book Points | 195.00 | 8 | 1 | 820.33 MURM | PG023540 | 07/09/2026 | 06/18/2026 | 06/18/2026 | 250.00 | 01/25/2022 | Book |